Một thời lầm lỗi và Trở lại nước Mỹ Tiểu thuyết

Guardado en:
Detalles Bibliográficos
Autor principal: Lê Lựu
Formato: Libro
Lenguaje:Undetermined
Publicado: Hà Nội Thanh niên 2000
Materias:
Etiquetas: Agregar Etiqueta
Sin Etiquetas, Sea el primero en etiquetar este registro!
Thư viện lưu trữ: Trung tâm Học liệu Trường Đại học Cần Thơ
LEADER 00522nam a2200181Ia 4500
001 CTU_46489
008 210402s9999 xx 000 0 und d
082 |a 895.9223 
082 |b L656 
100 |a Lê Lựu 
245 0 |a Một thời lầm lỗi và Trở lại nước Mỹ 
245 0 |b Tiểu thuyết 
245 0 |c Lê Lựu 
260 |a Hà Nội 
260 |b Thanh niên 
260 |c 2000 
650 |a vietnamese fiction 
980 |a Trung tâm Học liệu Trường Đại học Cần Thơ